History Quiz

Random History or War Quiz
Score 0/37 Timer 20:00
0 Plays Today
Hint Answer % Correct
Newspaper articles that were used to get public opinion against SpainYellow journalism
87.2%
War that was declared to stop Cuban mistreatment by SpainSpanish American War
81.9%
Project that was able to be built due to Panamanian independence Panama Canal
81.9%
US policy that endorsed the idea of equal access to Chinese marketsOpen Door Policy
80.9%
German boats used to sink Entente supply shipsU boats
76.6%
War among European powers in early 20th centuryWWI
74.5%
Treaty that ended the Spanish American WarTreaty of Paris
73.4%
Ship carrying arms that was sunk by Germans in 1915 which caused outcryLusitania
72.3%
Territory annexed for its sugar and for a naval base in the PacificHawaii
71.3%
Economic principle where the government does little intervention in the economyLaissez-Faire
70.2%
Foreign policy under RooseveltBig Stick
70.2%
Ship sunk in Havana that sparked the Spanish American WarMaine
68.1%
Country annexed by the US to gain access to Chinese marketsPhilippines
67%
Treaty that ended WWI for GermanyTreaty of Versailles
64.9%
Telegram sent to Mexico to try to convince them to declare war on the USZimmerman Telegram
64.9%
Bonds that helped pay for the warLiberty Bonds
64.9%
Formed after the war to help nations resolve disputesLeague of Nations
63.8%
Foreign policy under TaftDollar Diplomacy
62.8%
Alliance between France, Russia, and BritainTriple Entente
62.8%
Hint Answer % Correct
Alliance between Germany, Austria-Hungary, and the Ottoman EmpireCentral Powers
61.7%
Term that describes the US not getting involved in WWIIsolationism
60.6%
Event that caused Russian surrenderRussian Revolution
58.5%
Germany promised to not sink American ships without warning, but later went back on itSussex Pledge
56.4%
Socialist who was jailed for opposing the warEugene Debs
54.3%
Used to justify US intervention in Latin America due to the Monroe Doctrine Roosevelt Corollary
53.2%
Foreign policy under WilsonMoral Diplomacy
53.2%
Man who wrote Influence of Sea Power Upon HistoryMahan
51.1%
Amendment that let the US intervene in CubaPlatt Amendment
50%
System that ensured no American ships were sunk traveling to FranceConvoy System
48.9%
Case that upheld the Sedition ActDebs v US
43.6%
Man who led the American Expeditionary ForcePershing
33%
Board that oversaw industrial productionWar Industries Board
27.7%
Responsible for war propagandaCommittee on Public Information
21.3%
Treaty where the Russians surrenderedBrest-Litovsk
20.2%
Board that outlawed strikesNational War Labor Board
20.2%
Act that gave the government power to ration foodLever Food and Control Act
14.9%
Battle which prevented a German capture of ParisChateau-Thierry
12.8%
Remove Ads.
Support Sporcle.
Get the best of Sporcle when you Go Orange. This ad-free experience offers more features, more stats, and more fun while also helping to support Sporcle. Thank you for becoming a member.

You're not logged in!

Compare scores with friends on all Sporcle quizzes.
OR
Log In

Show Comments

Extras

Created Dec 17, 2018ReportNominate
Tags:War Quiz, US History, World War I

Top Quizzes Today


Score Distribution

Your Account Isn't Verified!

In order to create a playlist on Sporcle, you need to verify the email address you used during registration. Go to your Sporcle Settings to finish the process.

Report this User

Report this user for behavior that violates our Community Guidelines.

Details: